000 00782nam a2200229 a 4500
003 PILC
005 20160301153344.0
008 100116s19uu xx 00 eng d
020 _a0415414024
050 _aG 155.D44
_b.M69 2009
100 _aMowforth, Martin.
245 _aTourism and sustainability :
_bdevelopment, globalisation and new tourism in the third world /
_cMartin Mowforth and Ian Munt.
250 _a3rd edition.
260 _aLondon :
_bRoutledge,
_c2009.
300 _a424 pages :
_c25 cm.
_billustrations ;
500 _aIncludes appendix, bibliographical references and index.
650 _aTourism
_xDeveloping countries.
650 _aSustainable development
_xDeveloping countries.
700 _aMunt, Ian.
942 _cBK
_2lcc
_kFOR
999 _c23834
_d23834